<?xml version="1.0" encoding="UTF-8"?>
<record
    xmlns:xsi="http://www.w3.org/2001/XMLSchema-instance"
    xsi:schemaLocation="http://www.loc.gov/MARC21/slim http://www.loc.gov/standards/marcxml/schema/MARC21slim.xsd"
    xmlns="http://www.loc.gov/MARC21/slim">

  <leader>01479nam a2200265 a 4500</leader>
  <controlfield tag="001">001598131</controlfield>
  <controlfield tag="003">AR-RoUNCS</controlfield>
  <controlfield tag="005">20260513112318.0</controlfield>
  <controlfield tag="007">ta</controlfield>
  <controlfield tag="008">060313s2000    ag a   |r     00| f spa d</controlfield>
  <datafield tag="020" ind1=" " ind2=" ">
    <subfield code="a">9789500285094</subfield>
  </datafield>
  <datafield tag="040" ind1=" " ind2=" ">
    <subfield code="a">AR-RoUNCS</subfield>
    <subfield code="b">spa</subfield>
    <subfield code="c">AR-RoUNCS</subfield>
  </datafield>
  <datafield tag="041" ind1="1" ind2=" ">
    <subfield code="a">spa</subfield>
    <subfield code="h">por</subfield>
  </datafield>
  <datafield tag="100" ind1="1" ind2=" ">
    <subfield code="a">Vasconcelos, Jos&#xE9; Mauro de,</subfield>
    <subfield code="d">1920-1984</subfield>
    <subfield code="e">autor</subfield>
  </datafield>
  <datafield tag="245" ind1="1" ind2="0">
    <subfield code="a">Mi planta de naranja-lima / </subfield>
    <subfield code="c">Jos&#xE9; Mauro de Vasconcelos.</subfield>
  </datafield>
  <datafield tag="250" ind1=" " ind2=" ">
    <subfield code="a">35a ed.</subfield>
  </datafield>
  <datafield tag="260" ind1=" " ind2=" ">
    <subfield code="a">Buenos Aires : </subfield>
    <subfield code="b">El Ateneo,</subfield>
    <subfield code="c">2000.</subfield>
  </datafield>
  <datafield tag="300" ind1=" " ind2=" ">
    <subfield code="a">182 p. : </subfield>
    <subfield code="b">il. ;</subfield>
    <subfield code="c">20 cm.</subfield>
  </datafield>
  <datafield tag="500" ind1=" " ind2=" ">
    <subfield code="a">Traducido por Haydee M. Jofre Barroso.</subfield>
  </datafield>
  <datafield tag="520" ind1=" " ind2=" ">
    <subfield code="a">Zez&#xE9; tiene una imaginaci&#xF3;n gigantesca y sue&#xF1;a con ser sabio y poeta y usar corbata de mo&#xF1;o cuando sea adulto. Pero ahora, que es un ni&#xF1;o, su padre se qued&#xF3; sin empleo, su madre trabaja todo el d&#xED;a y sus hermanos mayores le pegan cada vez que hace una travesura. Cuando se siente triste, Zez&#xE9; cuenta con un amigo muy especial, una planta de naranja lima que le habla con las hojas, las ramas, las ra&#xED;ces, y lo consuela haci&#xE9;ndole escuchar c&#xF3;mo palpita su coraz&#xF3;n bajo el tronco. Una novela cl&#xE1;sica, emocionante, que combina la crudeza de una situaci&#xF3;n de profunda miseria e incomprensi&#xF3;n con la ingenuidad y la ternura de la infancia, que observa el mundo con una mirada limpia.</subfield>
  </datafield>
  <datafield tag="650" ind1=" " ind2="7">
    <subfield code="2">embne</subfield>
    <subfield code="a">Literatura brasile&#xF1;a</subfield>
  </datafield>
  <datafield tag="655" ind1=" " ind2="7">
    <subfield code="a">Novela corta</subfield>
    <subfield code="2">embne</subfield>
  </datafield>
  <datafield tag="700" ind1="1" ind2=" ">
    <subfield code="a">Jofre Barroso, Hayd&#xE9;e,</subfield>
    <subfield code="d">1916-2006</subfield>
    <subfield code="e">traductora</subfield>
  </datafield>
  <datafield tag="942" ind1=" " ind2=" ">
    <subfield code="2">udc</subfield>
    <subfield code="c">OG</subfield>
    <subfield code="n">0</subfield>
  </datafield>
  <datafield tag="999" ind1=" " ind2=" ">
    <subfield code="c">1013</subfield>
    <subfield code="d">1013</subfield>
  </datafield>
  <datafield tag="952" ind1=" " ind2=" ">
    <subfield code="0">0</subfield>
    <subfield code="1">0</subfield>
    <subfield code="2">udc</subfield>
    <subfield code="4">0</subfield>
    <subfield code="7">0</subfield>
    <subfield code="8">CG</subfield>
    <subfield code="a">ESOCIALES</subfield>
    <subfield code="b">ESOCIALES</subfield>
    <subfield code="d">2026-05-13</subfield>
    <subfield code="e">Donaci&#xF3;n 2026</subfield>
    <subfield code="l">0</subfield>
    <subfield code="o">82-32(81) V331</subfield>
    <subfield code="p">000970</subfield>
    <subfield code="r">2026-05-13 11:26:03</subfield>
    <subfield code="w">2026-05-13</subfield>
    <subfield code="y">OG</subfield>
  </datafield>
</record>
